| 000 | 00589cam a2200217ua 4500 | ||
|---|---|---|---|
| 001 | 1363 | ||
| 005 | 20260515113325.0 | ||
| 008 | 110707n ii |||gr||||Z||||||asm | ||
| 040 | _cMAIN | ||
| 082 | _a343.0745 | ||
| 100 | 1 | _aGohain, Nabin, | |
| 245 | 1 |
_aBharat gramunnayan: _bBharatar gramunnayanar prasasan / _cBy Nabin Gohain |
|
| 250 | _a1st. | ||
| 260 |
_aJorhat: _bBidya bhawan, _c2009-10. |
||
| 300 |
_a426p: _c23cm. |
||
| 653 | _aPolitical Science | ||
| 653 | _aBharatar Gramunnayanar Prakashan | ||
| 653 | _aGramunnayanan | ||
| 700 |
_aDas, Dipen, _eCo-author. |
||
| 942 | _cBK | ||
| 999 |
_c1259 _d1259 |
||